000 00624nam a2200205Ii 4500
003 JO-AjNU
008 230605s9999||||xx |||||||||||||| ||und||
040 _aJO-AjNU
_bara
_erda
_cJO-AjNU
041 _aara
050 1 4 _aPJ7538 2004
100 3 _aكاظم،نجم عبدالله,
_eauthor
_99076
245 0 0 _aحوارات في الرواية
250 _aط1
264 3 1 _aعمان: دار الشروق، 2004
300 _a115ص
336 _atext
_btxt
_2rdacontent
337 _aunmediated
_bn
_2rdamedia
338 _avolume
_bnc
_2rdacarrier
650 4 _aالأدب العربي - روايات - حوارات
_99077
999 _aA1114
_c4682
_d4682